02771nam a2200289 4500001000800000005001700008007000300025008004100028040000800069041000800077100005400085245014200139246012700281300002200408520082700430520081001257650003002067650003502097650002602132650003102158650003702189650003002226700005102256773012602307942003102433999001702464ESSALUD20260701102912.0ta t pe ||||| |||| 00| 0 spa d aBMG aspa aCastañeda Cruzado, Manuel Stefan eAutor948375 aLos sujetos procesales, la Casación N° 245-2023-Líma y una evolución significativa en la aplicación del litisconsorcio necesario aProcedural law subjects, Cassation N° 245-2023-Lima, and a significant evolution in the application of permissive joinder apáginas 198-213 aEl proceso civil se constituye como un mecanismo fundamental para la resolución de conflictos dentro del Estado de derecho, cuyo desarrollo válido y eficaz depende de la participación coordinada de diversos actores. Estos, denominados sujetos procesales, no se limitan a las partes en conflicto (demandante y demandado), sino que engloban a todos los intervinientes con capacidad para realizar actos jurídicos dentro del proceso, incluyendo al órgano jurisdiccional, sus auxiliares y terceros. Por lo tanto, los autores refieren que ofrecer una visión integral de los sujetos procesales, analizando desde sus definiciones doctrinales básicas hasta instituciones específicas, es importante para sentar las bases conceptuales necesarias para entender su operatividad y relevancia en la práctica jurídica. aThe civil process constitutes a fundamental mechanism for the resolution of disputes within the Rule of Law, whose valid and effective development depends on the coordinated participation of various actors. These actors, known as procedural subjects, are not limited to the parties in conflict (plaintiff and defendant, but encompass all participants with the legal capacity to perform procedural acts, Including the judicial authority, its auxiliary personnel, and third parties. Therefore, the authors suggest that providing a comprehensive overview of procedural subjects, from their basic doctrinal definitions to the examination of specific procedural Institutions, is essential for establishing the conceptual foundations necessary to understand their operability and significance in legal practice. aSUJETOS PROCESALES952978 aREPRESENTACION PROCESAL952979 aLITISCONSORCIO952980 aPROCEDURAL SUBJECTS952981 aPROCEDURAL REPRESENTATION952982 aJOINDER OF PARTIES952983 aFlores Guzmán, Andrea Valeria eAutor9529840 022573922620dLima Grupo Praxis Formación Profesional, 2026-oPRA001tPraxis Civil & Procesal CivilwESSALUDx3119-7671 cARTICULOSe2026-06-30zsqb c22582d22582